Bandiere di Paesi contenenti un animale - Statistics

Statistiche generali
  • Questo quiz è stato fatto 73 volte
    57 dall'ultimo reset
  • Il punteggio medio è 20 su 22
Statistiche sulle risposte
con Immagini Risposta % Corretto
Albania - Aquila
100%
Bhutan - Drago
100%
Croazia - Leone-Capra-Martora
100%
Messico - Aquila-Crotalo
100%
Spagna - Leone
100%
Serbia - Aquila
98%
Andorra - Mucca
96%
Malta - Cavallo
96%
Moldavia - Aquila-Uro
96%
Montenegro - Aquila-Leone
96%
Sri Lanka - Leone
96%
Ecuador - Condor
94%
Egitto - Aquila
94%
Kazakistan - Aquila delle steppe
94%
Uganda - Gru coronata
94%
Guatemala - Quetzal splendente
82%
Papua Nuova Guinea - Uccello del paradiso
82%
Zambia - Aquila
82%
Kiribati - Fregata
80%
Dominica - Pappagallo
78%
Figi - Leone-Colomba
78%
Zimbabwe - Aquila
75%
Nessun quiz corrispondente trovato
Distribuzione punteggi
Percentuale di utenti per punteggio
Percentile per numero di risposta
I tuoi punteggi nel tempo
Non hai fatto questo quiz dall'ultimo reset